Normal view
MARC view
Entry Geographic Name
001 - CONTROL NUMBER
- control field: 1069755
003 - CONTROL NUMBER IDENTIFIER
- control field:
005 - DATE AND TIME OF LATEST TRANSACTION
- control field: 20210627164624.0
008 - FIXED-LENGTH DATA ELEMENTS
- fixed length control field: 210627|| aca||aabn | a|a d
040 ## - CATALOGING SOURCE
- Original cataloging agency:
- Transcribing agency:
151 ## - HEADING--GEOGRAPHIC NAME
- Geographic name: Varanasi (Uttar Pradesh, India)
- General subdivision: Civilization
670 ## - SOURCE DATA FOUND
- Source citation: Work cat.: ()1046112: Singh, Ram Dular 1069753, Bengal and Varanasi :, 1986
